000
00193nam a2200097 4500
999
_c
530118
_d
530118
040
_c
DLC
082
_a
482.2
_b
GRE
100
_a
Greenbaum
_9
23465
245
_a
English Grammer
942
_2
ddc
_c
BK